Disciplining birth : power, knowledge, and childbirth practices in Bangladesh /

Bibliographic Details
Main Author: Afsana, Kaosar
Format: Book
Language:English
Published: Dhaka : The University Press, 2005.
Subjects:
Classic Catalogue: View this record in Classic Catalogue
LEADER 01859nam a2200349 a 4500
001 0024253
003 BD-DhAAL
008 120115s2005 bg ab b 001 0 eng
010 |a  2006345209 
020 |a 9840517414 
020 |a 9789840517411 
040 |a DLC  |c DLC  |d BD-DhAAL 
042 |a lcode 
043 |a a-bg--- 
050 0 0 |a RG518.B3  |b A48 2005 
082 0 4 |a 618.2095492  |2 23 
100 1 |a Afsana, Kaosar.  |9 38239 
245 1 0 |a Disciplining birth :  |b power, knowledge, and childbirth practices in Bangladesh /  |c Kaosar Afsana. 
260 |a Dhaka :  |b The University Press,  |c 2005. 
300 |a xvii, 242 p. :  |b ill., 1 map ;  |c 22 cm. 
500 |a Originally presented as the author's thesis. 
504 |a Includes bibliographical references (p. [219]-233) and index. 
541 |a Complimentary copy from Kaosar Afsana, Professor, James P. Grant School of Public Health (JPGSPH), BRAC University  |e 0024253, 44644 
650 0 |a Obstetrics  |x Social aspects  |z Bangladesh.  |9 59134 
650 0 |a Childbirth  |x Social aspects  |z Bangladesh.  |9 59133 
650 0 |a Rural women  |x Health and hygiene  |z Bangladesh.  |9 59135 
650 0 |a Women's health services  |z Bangladesh. 
852 1 |a Ayesha Abed Library  |c General Stacks 
942 |2 ddc  |c BK 
999 |c 11752  |d 11752 
952 |0 0  |1 0  |2 ddc  |3 Need to change call number  |4 0  |6 392_154920000000000_AFS  |7 0  |9 19147  |a JPGSPH  |b JPGSPH  |c GEN  |d 2012-01-11  |e MPH  |g 475.00  |l 0  |o 392.15492 AFS  |p 3060024253  |r 2012-01-15  |t 1  |w 2012-01-15  |y BK 
952 |0 0  |1 0  |2 ddc  |4 0  |6 618_209549200000000_AFS  |7 0  |9 78031  |a BRACUL  |b BRACUL  |c GEN  |d 2025-08-21  |e Complimentary copy from Kaosar Afsana, Professor, James P. Grant School of Public Health (JPGSPH), BRAC University  |g 475.00  |l 0  |o 618.2095492 AFS  |p 3010044644  |r 2025-08-21  |t 2  |v 950.00  |w 2025-08-21  |y BK  |x Complimentary copy from Kaosar Afsana, Professor, James P. Grant School of Public Health (JPGSPH), BRAC University